Statistics for First 100 words of Moby-Dick

Click here to take the quiz!

General Stats

  • This quiz has been taken 155 times
  • The average score is 40 of 100

Answer Stats

Word% Correct
I
98%
a
91%
the
87%
is
86%
me
77%
and
68%
Ishmael.
67%
to
66%
Call
65%
of
65%
on
63%
in
62%
it
62%
It
62%
no
57%
my
50%
how
46%
or
43%
Some
39%
sail
35%
see
34%
would
32%
ago -
31%
world.
31%
years
30%
mind
29%
never
29%
off
29%
long
28%
up
26%
about
22%
every
21%
get
20%
nothing
20%
part
20%
thought
20%
way
19%
watery
18%
before
17%
little
17%
money
17%
purse,
17%
find
15%
myself
15%
having
14%
precisely -
14%
shore,
13%
coffin
12%
November
12%
soul;
12%
Whenever
12%
whenever
12%
spleen
11%
drizzly
10%
funeral
10%
interest
10%
circulation.
9%
damp,
9%
grim
9%
growing
9%
hypos
9%
meet;
9%
particular
9%
pausing
9%
rear
9%
regulating
9%
warehouses,
9%
bringing
8%
driving
8%
involuntarily
8%
especially
7%
mouth;
7%

Score Distribution

Percentile by Number Answered

Percent of People with Each Score

Your Score History

You have not taken this quiz